| 000 | 00929nam a22002417a 4500 | ||
|---|---|---|---|
| 999 |
_c65531 _d65531 |
||
| 005 | 20240530110829.0 | ||
| 008 | 190903s2007 ua a g b 000 0 ara d | ||
| 017 |
_a2007/7188 _bمصر. دار الكتب |
||
| 020 | _a9774084632 | ||
| 040 |
_aEG-CaGPL _cEG-CaGPL |
||
| 082 | 0 | 4 |
_221 _a239.9\ _bأ هـ |
| 100 | 0 | _aابوالفتوح صبرى ابوالفتوح | |
| 245 | 1 | 0 |
_aهؤلاء دعا لهم الرسول صلى الله عليه وسلم / _cتأليف ابوالفتوح صبرى ابوالفتوح |
| 250 | _aط.1 | ||
| 260 |
_aالقاهرة : _bدار الفاروق للاستثمارات الثقافية، _c2007 |
||
| 300 |
_a102 ص. ؛ _c24 سم. |
||
| 650 | 0 | 7 |
_2qrmak _aالادعية والاوراد |
| 650 | 0 | 7 |
_aاخلاق الرسول _2qrmak |
| 650 | 0 | 7 |
_aالاخلاق الاسلامية _2qrmak |
| 651 | _2qrmak | ||
| 942 |
_2ddc _cBK |
||